| 000 | 00493nam a2200169Ia 4500 | ||
|---|---|---|---|
| 999 |
_c20048 _d20048 |
||
| 003 | OSt | ||
| 005 | 20200611104526.0 | ||
| 008 | 190216s9999||||xx |||||||||||||| ||und|| | ||
| 020 | _a061318256 | ||
| 040 | _coclc | ||
| 082 |
_a270.6 _bOCO/C |
||
| 100 |
_aO`Connell, Marvin R _92775 |
||
| 245 | 4 |
_aThe Counter Reformation / _cMarvin R O`Connell |
|
| 260 |
_bHarper & Row Publishers, _c1974. _aNew York: |
||
| 300 | _a390p | ||
| 942 |
_cBK _2ddc _h270.6 _iOCO/C _k270.6 _mOCO/C |
||